000 00342nam a2200145Ia 4500
100 _aTergan/ V./ Andreev/ I
942 _cBK
654 _aindustrial automation
245 _aFundamenals of Industrial Automation
260 _bMir Publishers
_c1986
082 _a658.514
_bTER/AND
300 _a228
546 _aENGLISH
999 _c19442
_d19442